000 00771nam a2200241Ia 4500
999 _c6282
_d6282
001 41132032
003 OCoLC
005 20190116144608.0
008 990408s1993 pau 000 0 eng d
020 _a0875089631
040 _aBCT
_cBCT
_dBSC
082 _a235.4
_bP412W
092 _a235.4
_bP414w, 1993
100 1 _aPenn-Lewis, Jessie,
_d1861-1927.
245 1 0 _aWar on the saints /
_cby Jessie Penn-Lewis ; in collaboration with Evan Roberts.
250 _aAbridged ed.
260 _aFort Washington, Penn. :
_bThe Christian Literature Crusade,
_c1993.
300 _a217 p. ;
_c21 cm.
500 _aOriginally published in London in 1912; first American ed. 1977; reprinted 1988.
650 0 _aDemonology.
700 1 _aRoberts, Evan,
_d1878-
942 _2ddc
_cBK